Statistics for NFL Starting 5 Quiz 20-21

Click here to take the quiz!

General Stats

  • This quiz has been taken 26 times
  • The average score is 52 of 160

Answer Stats

Team/PositionAnswer% Correct
Packers HBAaron Jones
100%
Giants QBDaniel Jones
100%
Cardinals WRDeandre Hopkins
100%
Falcons WRJulio Jones
100%
Cardinals QBKyler Murray
100%
Lions WRMarvin Jones Jr.
100%
Falcons QBMatt Ryan
95%
Bills QBJosh Allen
89%
Chargers WRKeenan Allen
89%
Ravens QBLamar Jackson
84%
Bills WRStefon Diggs
84%
Falcons WRCalvin Ridley
74%
Cardinals TEMaxx Williams
74%
Chargers WRMike Williams
74%
Falcons RBTodd Gurley
74%
Dolphins WRAlbert Wilson
63%
Patriots QBCam Newton
63%
Eagles QBCarson Wentz
63%
Vikings HBDalvin Cook
63%
Steelers RBJames Conner
63%
Cardinals RBKenyan Drake
63%
Cardinals WRLarry Fitzgerald
63%
Seahawks QBRussell Wilson
63%
Chiefs WRTyreek Hill
63%
Cowboys QBDak Prescott
58%
Titans RBDerrick Henry
58%
Broncos QBDrew Lock
58%
Bengals QBJoe Burrow
58%
Steelers WRJuJu Smith-Schuster
58%
Chargers QBJustin Herbert
58%
Lions QBMatthew Stafford
58%
Chiefs QBPatrick Mahomes
58%
Buccaneers QBTom Brady
58%
Chiefs TETravis Kelce
58%
Packers QBAaron Rodgers
53%
Titans WRAJ Brown
53%
Washington QBAlex Smith
53%
Cowboys WRAmari Cooper
53%
Browns QBBaker Mayfield
53%
Seahawks HBChris Carson
53%
Packers WRDavante Adams
53%
Texans HBDavid Johnson
53%
Texans QBDeshaun Watson
53%
Cowboys RBEzekiel Elliott
53%
Rams QBJared Goff
53%
Ravens RBJ.K. Dobbins
53%
Colts RBJonathan Taylor
53%
Vikings QBKirk Cousins
53%
Saints WRMichael Thomas
53%
Colts QBPhillip Rivers
53%
Titans QBRyan Tannehill
53%
Dolphins QBTua Tagovailoa
53%
Steelers QBBen Roethlisberger
47%
Raiders QBDerek Carr
47%
Panthers WRD.J. Moore
47%
Seahawks WRDK Metcalf
47%
Saints QBDrew Brees
47%
Saints WREmmanuel Sanders
47%
Vikings WRJustin Jefferson
47%
Ravens TEMark Andrews
47%
Browns RBNick Chubb
47%
Browns WROdell Beckham Jr.
47%
Buccaneers TERob Gronkowski
47%
Giants RBSaquon Barkley
47%
Lions TET.J. Hockenson
47%
Bears WRAllen Robinson
42%
Saints HBAlvin Kamara
42%
Buccaneers WRChris Godwin
42%
49ers TEGeorge Kittle
42%
Browns WRJarvis Landry
42%
Buccaneers WRMike Evans
42%
Chiefs WRSammy Watkins
42%
Patriots WRJulian Edelman
37%
Lions WRKenny Golladay
37%
Buccaneers HBLeonard Fournette
37%
Raiders TEDarren Waller
32%
49ers WRDeebo Samuel
32%
Jaguars QBGardner Minshew
32%
Bears TEJimmy Graham
32%
Bengals RBJoe Mixon
32%
Raiders RBJosh Jacobs
32%
Bears QBMitchell Trubisky
32%
Texans WRRandall Cobb
32%
Rams WRRobert Woods
32%
Jets QBSam Darnold
32%
Patriots HBSony Michel
32%
Colts WRT.Y. Hilton
32%
Rams WRCooper Kupp
26%
Broncos WRCourtland Sutton
26%
Lions HBD'Andre Swift
26%
Broncos RBMelvin Gordon
26%
Eagles HBMiles Sanders
26%
Panthers QBTeddy Bridgewater
26%
Bears RBDavid Montgomery
21%
Dolphins WRDevante Parker
21%
Steelers TEEric Ebron
21%
Jets HBFrank Gore
16%
Jets WRJose Berrios
11%
Vikings WRAdam Theilen
5%
Chargers HBAustin Ekeler
5%
Bills WRCole Beasley
5%
Titans WRCorey Davis
5%
Eagles TEDallas Goedert
5%
Bills TEDawson Knox
5%
Bills RBDevin Singletary
5%
Giants TEEvan Engram
5%
Raiders WRHenry Ruggs
5%
Chargers TEHunter Henry
5%
Jets WRJamison Crowder
5%
Broncos WRJerry Juedy
5%
Ravens WRMarquise Brown
5%
Cowboys WRMichael Gallup
5%
Broncos TENoah Fant
5%
Washington WRTerry McLaurin
5%
Bengals WRTyler Boyd
5%
Ravens WRWillie Snead
5%
Saints TEAdam Trautman
0%
Washington RBAntonio Gibson
0%
Browns TEAustin Hooper
0%
49ers WRBrandon Aiyuk
0%
Rams HBCam Akers
0%
Washington WRCam Sims
0%
Jets TEChris Herndon
0%
Panthers RBChristian McCafferey
0%
Chiefs HBClyde Edwards-Helaire
0%
Cowboys TEDalton Schultz
0%
Panthers TEDan Arnold
0%
Giants WRDarius Slayton
0%
Texans TEDarren Fells
0%
Patriots TEDevin Asiasi
0%
Steelers WRDionte Johnson
0%
Jaguars WRDJ Chark Jr.
0%
Bengals TEDrew Sample
0%
Falcons TEHayden Hurst
0%
Patriots WRJakobi Myers
0%
Eagles WRJalen Reagor
0%
Jaguars TEJames O'Shaughnessy
0%
Jaguars HBJames Robinson
0%
49ers QBJimmy Garropolo
0%
Titans TEJonnu Smith
0%
Jaguars WRKeelan Cole
0%
Vikings TEKyle Rudolph
0%
Washington TELogan Thomas
0%
Packers WRMarquez Valdes-Scantling
0%
Dolphins TEMike Gesicki
0%
Dolphins HBMyles Gaskin
0%
Raiders WRNelson Agholor
0%
49ers HBRaheem Mostert
0%
Packers TERobert Tonyan
0%
Panthers WRRodney Anderson
0%
Giants WRSterling Sharpe
0%
Bears WRTaylor Gabriel
0%
Bengals WRTee Higgins
0%
Eagles WRTravis Fulgham
0%
Colts TETrey Burton
0%
Rams TETyler Higbee
0%
Seahawks WRTyler Lockett
0%
Seahawks TEWill Dissly
0%
Texans WRWill Fuller IV
0%
Colts WRZach Pascal
0%

Score Distribution

Percentile by Number Answered

Percent of People with Each Score

Your Score History

You have not taken this quiz